[Event "USA tt"]
[Site "ICC INT"]
[Date "2010.10.18"]
[Round "9"]
[White "Xu, Grant"]
[Black "Balasubramanian, Adithya"]
[Result "1/2-1/2"]
[WhiteElo "2061"]
[BlackElo "1889"]
[PlyCount "56"]
[EventDate "2010.08.23"]
[EventType "team"]
[EventRounds "10"]
[EventCountry "USA"]
[SourceTitle "CBM 138 Extra"]
[Source "ChessBase"]
[SourceDate "2010.10.29"]
[SourceVersion "1"]
[SourceVersionDate "2010.10.29"]
[SourceQuality "1"]

1. e4 d6 2. d4 Nf6 3. Nc3 Nbd7 4. Nf3 e5 5. Bc4 Be7 6. 0-0 0-0 7. Re1 c6 8. a4 b6 9. h3 a6 10. Qe2 Bb7 11. Ba2 b5 12. axb5 axb5 13. b4 Nh5 14. dxe5 dxe5 15. Nxe5 Nxe5 16. Qxh5 Nc4 17. Rb1 Na3 18. Bxa3 Rxa3 19. Red1 Qa8 20. Bb3 Bxb4 21. Ne2 g6 22. Qe5 c5 23. Ng3 Bc6 24. Nh5 gxh5 25. Qg5+ Kh8 26. Qf6+ Kg8 27. Qg5+ Kh8 28. Qf6+ Kg8 1/2-1/2

[Event "US Masters op"]
[Site "Hendersonville"]
[Date "2007.03.17"]
[Round "7"]
[White "Christensen, Wayne"]
[Black "Balasubramanian, Adithya"]
[Result "1/2-1/2"]
[WhiteElo "2149"]
[BlackElo "2140"]
[PlyCount "68"]
[EventDate "2007.03.10"]
[EventType "swiss"]
[EventRounds "9"]
[EventCountry "USA"]
[SourceTitle "EXT 2011"]
[Source "ChessBase"]
[SourceDate "2010.11.26"]
[SourceVersion "1"]
[SourceVersionDate "2010.11.26"]
[SourceQuality "1"]

1. d4 d6 2. Nf3 Nf6 3. g3 Nbd7 4. c4 e5 5. Bg2 Be7 6. Nc3 0-0 7. 0-0 c6 8. h3 Re8 9. e4 Qc7 10. Be3 a5 11. b3 a4 12. d5 axb3 13. axb3 Rxa1 14. Qxa1 cxd5 15. Nxd5 Nxd5 16. cxd5 Nc5 17. Qc3 Na6 18. Qxc7 Nxc7 19. Rc1 Na6 20. Nd2 Bd7 21. Nc4 Rc8 22. Nb6 Rxc1+ 23. Bxc1 Bb5 24. Ba3 Nc5 25. Bxc5 dxc5 26. Bf1 Bd8 27. Bxb5 Bxb6 28. Kf1 Kf8 29. Ke2 Ke7 30. f3 Ba5 31. f4 Bc7 32. Kf3 Bd6 33. f5 Bc7 34. Ba4 Bd6 1/2-1/2

[Event "US Masters op"]
[Site "Hendersonville"]
[Date "2007.03.15"]
[Round "4"]
[White "Balasubramanian, Adithya"]
[Black "Potter, John Russell"]
[Result "0-1"]
[WhiteElo "2140"]
[BlackElo "2233"]
[PlyCount "128"]
[EventDate "2007.03.10"]
[EventType "swiss"]
[EventRounds "9"]
[EventCountry "USA"]
[SourceTitle "EXT 2011"]
[Source "ChessBase"]
[SourceDate "2010.11.26"]
[SourceVersion "1"]
[SourceVersionDate "2010.11.26"]
[SourceQuality "1"]

1. e4 e5 2. Nf3 Nc6 3. c3 Nf6 4. d3 d5 5. Nbd2 Be7 6. Be2 0-0 7. 0-0 Re8 8. Qc2 Bf8 9. Re1 Bg4 10. h3 Bh5 11. Nf1 h6 12. Nh4 Bxe2 13. Qxe2 Qd7 14. Qf3 Qe6 15. Nf5 Kh7 16. N1e3 dxe4 17. dxe4 g6 18. Ng3 Rad8 19. Nc2 Bg7 20. b3 Qd7 21. Bb2 Qd2 22. Rac1 Rd3 23. Red1 Qxc1 24. Bxc1 Rxf3 25. gxf3 Rd8 26. Rxd8 Nxd8 27. f4 exf4 28. Bxf4 Ne6 29. Be5 Nxe4 30. Bxg7 Nxg3 31. fxg3 Kxg7 32. Kf2 f5 33. h4 Kf6 34. b4 Ke5 35. a4 Ke4 36. Ke2 f4 37. gxf4 Nxf4+ 38. Kd2 Ng2 39. Nd4 Nxh4 40. Nb5 Nf3+ 41. Ke2 a6 42. Nxc7 Ne5 43. a5 Nc4 44. Ne6 Nd6 45. c4 Nxc4 46. Nc5+ Kd5 47. Nxb7 Kc6 48. Nc5 Kb5 49. Nd3 g5 50. Kf3 Nd6 51. Kg4 Ne4 52. Kh5 Nc3 53. Nc5 Nd5 54. Kxh6 g4 55. Ne4 Kxb4 56. Kg5 Kxa5 57. Kxg4 Kb4 58. Kf3 a5 59. Nf2 a4 60. Ke2 a3 61. Nd3+ Kc3 62. Nc1 Kc2 63. Nd3 a2 64. Ne1+ Kc3 0-1

[Event "US Masters op"]
[Site "Hendersonville"]
[Date "2007.03.14"]
[Round "3"]
[White "Balasubramanian, Adithya"]
[Black "Burnett, Ronald"]
[Result "0-1"]
[WhiteElo "2140"]
[BlackElo "2423"]
[PlyCount "84"]
[EventDate "2007.03.10"]
[EventType "swiss"]
[EventRounds "9"]
[EventCountry "USA"]
[SourceTitle "EXT 2011"]
[Source "ChessBase"]
[SourceDate "2010.11.26"]
[SourceVersion "1"]
[SourceVersionDate "2010.11.26"]
[SourceQuality "1"]

1. Nf3 g6 2. g3 Bg7 3. Bg2 e5 4. d3 Ne7 5. 0-0 c5 6. e4 0-0 7. Be3 b6 8. c3 d5 9. Na3 d4 10. cxd4 cxd4 11. Bd2 Ba6 12. Nc4 Nec6 13. b4 b5 14. Na3 Nd7 15. Rc1 Rc8 16. Qb3 Nb6 17. Rc5 Na4 18. Rd5 Qb6 19. Rc1 Rcd8 20. Ng5 Nc3 21. Bxc3 dxc3 22. Rxc3 Nd4 23. Qd1 Rxd5 24. exd5 Bb7 25. Rc5 a5 26. Qe1 Rd8 27. d6 h6 28. Ne4 f5 29. bxa5 Qa6 30. Nxb5 Nxb5 31. Qb1 Bxe4 32. dxe4 Nd4 33. exf5 gxf5 34. Bd5+ Kh7 35. Qb6 Rxd6 36. Qb8 Rxd5 37. Rxd5 Qc6 38. Qd8 Ne2+ 39. Kf1 Nc3 40. Qd7 Qc4+ 41. Rd3 e4 42. Qxf5+ Kh8 0-1